Statistics for Top 10 Belgian PL scorers

Click here to take the quiz!

General Stats

  • This quiz has been taken 40 times
  • The average score is 6 of 10

Answer Stats

HintAnswer% Correct
84Lukaku
94%
56Hazard
92%
65Benteke
81%
12Dembele
64%
33Fellaini
61%
14Kompany
61%
29Mirallas
53%
20Chadli
44%
13Vermaelen
39%
15Strupar
3%

Score Distribution

Percentile by Number Answered

Percent of People with Each Score

Your Score History

You have not taken this quiz